000 00890nam a2200217Ia 4500
003 OSt
005 20241101105210.0
007 ca aa aaaaa
008 201103s9999 xx 000 0 und d
040 _cSSBUL
041 _abur
082 _223
_a၂၉၄.၃၄၄၃၅ စန်
_b၉၀၈၃ S-SAT
100 0 _aစံဝင်း၊ ဦး(ကုဏ္ဍလိနီ)
_917281
245 1 0 _aသမထနှင့်ပုတီးစိပ် /
_cဦးစံဝင်း(ကုဏ္ဍလိနီ)။
260 _aရန်ကုန် ၊
_bပန်းတောင်းပုံနှိပ်တိုက်၊
_c၁၉၇၅။
300 _a၂၃၆ စာမျက်နှာ ၊
_c၁၇ စင်တီ။
500 _aS-SAT: Dr. Sai Aung Tun
650 _aဝိပဿနာ
650 _aပုတီးစိပ်ခြင်း
_955124
942 _2ddc
_cBK1
999 _c16646
_d16646